| 000 | 00565nam a2200205 i 4500 | ||
|---|---|---|---|
| 001 | bg | ||
| 100 | 1 | _aGATNAR, Eugeniusz | |
| 245 | 1 | 0 |
_aSymboliczne metody klasyfikacji danych / _cEugeniusz Gatnar. |
| 260 |
_aWarszawa : _bWydaw. Naukowe PWN, _c1998. |
||
| 300 |
_a226, [2] s. : _brys., wykr. ; _c21 cm. |
||
| 504 | _aBibliogr. s. 214-224. - Indeks. | ||
| 650 | 9 |
_aKlasyfikacja _xmetody |
|
| 020 | _a8301124288 | ||
| 040 | _cBPK | ||
| 041 | 0 | _apl | |
| 080 | _a167/168 | ||
| 920 | _a83-01-12428-8 | ||
| 942 | _cKS | ||
| 008 | s pl f |000 0 pol | ||
| 999 |
_c33877 _d33877 |
||
| 856 |
_uhttp://koha.tu.koszalin.pl/cgi-bin/koha/opac-detail.pl?biblionumber=33877 _yKatalog online BPK |
||